Представление документа в формате RUSMARC

Поле Инд. ПП Название Значение
Тип записи a
Библиографический уровень a
001 Контрольный номер 02090c0094574783b56d8495819e9c6d
005 Дата корректировки 20200129132400.2
100 a Данные общей обработки 20190214 ||| 0rusy0189 ca
101 0_ a Язык текста rus
102 a Страна публикации RU
200 1_ f Первые сведения об ответственности Э. Гаврилов, Е. Моргунова
a Заглавие Коллективное управление авторскими и смежными правами в Российской Федерации
b Общее обозначение материала Текст
210 1_ d Дата издания 2019
461 _0 1 2000
a Хозяйство и право
463 _0 1 2000
a № 1
v С. 57-76
1 2101
d 2019
1 001cfb94728502d4ac0aa74c24815e2406b
606 a Основная рубрика Гражданское и торговое право
610 0_ a Ключевые слова АВТОРСКОЕ ПРАВО
a Ключевые слова ПРАВА СМЕЖНЫЕ
a Ключевые слова УПРАВЛЕНИЕ
a Ключевые слова ИНТЕЛЛЕКТУАЛЬНАЯ СОБСТВЕННОСТЬ ОХРАНА
a Ключевые слова ИНТЕЛЛЕКТУАЛЬНАЯ СОБСТВЕННОСТЬ
700 _1 a Фамилия Гаврилов
b Имя Э.
701 _1 a Фамилия Моргунова
b Имя Е.
801 _0 a Страна RU
b Организация РГУП
c Дата составления 20190214
g Правила каталогизации PSBO
801 _1 a Страна RU
b Организация РГУП
c Дата составления 20190214
g Правила каталогизации PSBO
901 t Тип документа b
w Контрольный № источника cfb94728502d4ac0aa74c24815e2406b
905 a Дата ввода 20190214